Ekonomické dopady digitálnej transformácie podniku diplomová práca

Salvato in:
Dettagli Bibliografici
Autore principale: Bratková, Ivana
Ente Autore: Podnikovohospodárska fakulta EU so sídlom v Košiciach. Katedra ekonómie a manažmentu
Altri autori: Kuhnová, Lenka, 1989-
Natura: Libro
Lingua:slovacco
Pubblicazione: Košice 2025
Tags: Aggiungi Tag
Nessun Tag, puoi essere il primo ad aggiungerne!!

MARC

LEADER 00000nbm a2200000 4500
001 0309053
005 20260327103756.4
041 0 |a slo 
044 |a SK 
245 1 0 |a Ekonomické dopady digitálnej transformácie podniku  |b diplomová práca  |c Ivana Bratková ; školiteľ: Lenka Kuhnová 
264 1 |a Košice  |c 2025 
300 |a 91 s. 
100 1 |a Bratková, Ivana 
700 1 |a Kuhnová, Lenka, 1989- 
710 2 |a Podnikovohospodárska fakulta EU so sídlom v Košiciach. Katedra ekonómie a manažmentu